Library Banner

Biomedical signal analysis (Record no. 54179)

MARC details
000 -LEADER
fixed length control field 00546nam a2200193Ia 4500
001 - CONTROL NUMBER
control field 56887
008 - FIXED-LENGTH DATA ELEMENTS--GENERAL INFORMATION
fixed length control field 140506s9999 xx 000 0 und d
020 ## - INTERNATIONAL STANDARD BOOK NUMBER
International Standard Book Number 97881230342637
040 ## - CATALOGING SOURCE
Transcribing agency PK-LaUMT
082 ## - DEWEY DECIMAL CLASSIFICATION NUMBER
Classification number 616.0754
Item number THE-B
100 ## - MAIN ENTRY--PERSONAL NAME
Personal name Theis, Fabian J.
245 ## - TITLE STATEMENT
Title Biomedical signal analysis
Remainder of title contemporary methods and applications
Statement of responsibility, etc Theis, Fabian J.<>Meyer-Base, Anke
260 ## - PUBLICATION, DISTRIBUTION, ETC. (IMPRINT)
Place of publication, distribution, etc New Delhi,India:
Name of publisher, distributor, etc PHI Learning,
Date of publication, distribution, etc 2011
300 ## - PHYSICAL DESCRIPTION
Extent 415 p.
546 ## - LANGUAGE NOTE
Language note EN
650 ## - SUBJECT ADDED ENTRY--TOPICAL TERM
Topical term or geographic name as entry element Signal analysis
700 ## - ADDED ENTRY--PERSONAL NAME
Personal name Meyer-Base, Anke
942 ## - ADDED ENTRY ELEMENTS (KOHA)
Koha item type Books
Holdings
Withdrawn status Lost status Damaged status Not for loan Home library Current library Date acquired Total Checkouts Full call number Barcode Date last seen Date checked out Price effective from Koha item type
        UMT Main Campus UMT Main Campus 2014-05-06 1 616.0754 THE-B 80487 2017-06-09 2017-01-30 2014-05-08 Books